000 00482nam a2200169Ia 4500
999 _c12282
_d12282
003 OSt
005 20230916155655.0
008 190216s9999||||xx |||||||||||||| ||und||
040 _coclc
082 _a823
_bSIN/T
100 0 _aKhushwant Singh,
_d1915-2014
_95604
245 0 _aTrain To Pakistan /
_cKhushwant Singh
260 _bPublishing Company,
_c1970.
_aBombay:
300 _a158p
650 _aEnglish Novel
942 _cBK
_2ddc
_h823
_iSIN/T
_k823
_mSIN/T